[Event "Niederrhein-ch"]
[Site "Solingen"]
[Date "2019.04.16"]
[Round "5.7"]
[White "Meckel, Helmut"]
[Black "Steingrobe, Udo"]
[Result "0-1"]
[WhiteElo "1783"]
[BlackElo "1987"]
[PlyCount "66"]
[EventDate "2019.04.12"]
[EventType "swiss"]
[EventRounds "7"]
[EventCountry "GER"]
[SourceTitle "EXT 2022"]
[Source "ChessBase"]
[SourceDate "2021.10.06"]
[SourceVersion "1"]
[SourceVersionDate "2021.10.06"]
[SourceQuality "1"]

1. b4 e5 2. Bb2 Bxb4 3. Bxe5 Nf6 4. c4 Nc6 5. Bb2 0-0 6. e3 d5 7. cxd5 Nxd5 8. Nc3 Re8 9. Nxd5 Qxd5 10. Nf3 Bg4 11. Be2 Rad8 12. Bc3 Bxc3 13. dxc3 Qc5 14. Qb3 Be6 15. Qb2 Bd5 16. 0-0 Re6 17. Rfd1 Rde8 18. c4 Be4 19. Qb5 Qe7 20. Rd2 a6 21. Qb2 Rg6 22. Rad1 Qe6 23. Ne1 Bxg2 24. Nxg2 Qh3 25. Bf1 Rh6 26. f3 Qxh2+ 27. Kf2 Rh3 28. Be2 Qg3+ 29. Kg1 Rh2 30. Bf1 Ne5 31. Rf2 Qh3 32. Rc2 Rh1+ 33. Kf2 Qxf3+ 0-1

[Event "Niederrhein-ch"]
[Site "Solingen"]
[Date "2019.04.13"]
[Round "2.9"]
[White "Meckel, Helmut"]
[Black "Soechting, Marc"]
[Result "1-0"]
[WhiteElo "1783"]
[BlackElo "1465"]
[PlyCount "97"]
[EventDate "2019.04.12"]
[EventType "swiss"]
[EventRounds "7"]
[EventCountry "GER"]
[SourceTitle "EXT 2022"]
[Source "ChessBase"]
[SourceDate "2021.10.06"]
[SourceVersion "1"]
[SourceVersionDate "2021.10.06"]
[SourceQuality "1"]

1. d4 Nf6 2. c4 e6 3. Nc3 Bb4 4. Qc2 0-0 5. e4 d5 6. e5 Ne4 7. Bd3 c5 8. dxc5 Nd7 9. Bxe4 dxe4 10. Bd2 Nxc5 11. Nxe4 Bxd2+ 12. Nxd2 Nd3+ 13. Ke2 Nxe5 14. Ngf3 Nxf3 15. Nxf3 b6 16. Rhd1 Qc7 17. Rd4 Bb7 18. Qd3 Bxf3+ 19. Qxf3 Qe5+ 20. Qe4 Qh5+ 21. g4 Qh4 22. Rad1 g6 23. Qe5 Rfd8 24. g5 Rxd4 25. Rxd4 Qh5+ 26. Ke1 Qf3 27. h4 Qf5 28. Qxf5 gxf5 29. f4 Kf8 30. Rd7 Ke8 31. Rb7 Rd8 32. Ke2 Rd4 33. Ke3 Re4+ 34. Kf3 Rxc4 35. Rxa7 Rb4 36. Ra8+ Ke7 37. b3 Rd4 38. Rh8 Rd2 39. Rxh7 Kf8 40. Rh8+ Kg7 41. Rb8 Rxa2 42. h5 Ra6 43. Rb7 Kg8 44. Ke3 Kg7 45. g6 Ra3 46. Rxf7+ Kg8 47. h6 Rxb3+ 48. Kd4 Rg3 49. Rf6 1-0

[Event "Arber Seniors op 6th"]
[Site "Bayerisch Eisenstein"]
[Date "2018.08.04"]
[Round "8"]
[White "Hilbig, Dieter"]
[Black "Meckel, Helmut"]
[Result "1-0"]
[WhiteElo "1996"]
[BlackElo "1781"]
[PlyCount "129"]
[EventDate "2018.07.28"]
[EventType "swiss"]
[EventRounds "9"]
[EventCountry "GER"]
[SourceTitle "CBM 185 Extra"]
[Source "ChessBase"]
[SourceDate "2018.07.29"]
[SourceVersion "1"]
[SourceVersionDate "2018.07.29"]
[SourceQuality "1"]

1. e4 e6 2. d4 d5 3. Nc3 Nf6 4. Bg5 Bb4 5. e5 h6 6. Bd2 Bxc3 7. bxc3 Ne4 8. Qg4 g6 9. Bc1 c5 10. Bb5+ Bd7 11. Bxd7+ Nxd7 12. Ne2 cxd4 13. cxd4 Rc8 14. 0-0 Rxc2 15. Nf4 Rc4 16. Ba3 Qa5 17. Bb2 g5 18. Nh5 Rc2 19. Rac1 Qd2 20. Rxc2 Qxc2 21. Ba3 Qxa2 22. Ng7+ Kd8 23. Nxe6+ fxe6 24. Qxe6 Qxa3 25. Qxd5 Nd2 26. e6 Rh7 27. Re1 Re7 28. Qf5 Qb4 29. Rc1 Qxd4 30. exd7 Qxd7 31. Qa5+ Ke8 32. Qxa7 Qe6 33. h3 b5 34. Qb8+ Kf7 35. Qxb5 Qe5 36. Qd3 Ne4 37. Re1 Kg7 38. Re3 Ra7 39. g3 Re7 40. Kg2 Re6 41. Qe2 Kg6 42. Qe1 Qd5 43. f3 Nc5 44. Qb1+ Kf6 45. Qb2+ Ke7 46. Ra3 Qc4 47. Ra7+ Kd6 48. Qb8+ Kd5 49. Qd8+ Rd6 50. Qa8+ Kd4 51. Ra2 Ke3 52. Qe8+ Re6 53. Qa8 Nd3 54. Qa7+ Qc5 55. Qa4 Ne1+ 56. Kf1 Qc1 57. Re2+ Kd3 58. Qb3+ Kd4 59. Qxe6 Nxf3+ 60. Kg2 Qg1+ 61. Kxf3 Qb1 62. Qd6+ Kc4 63. Re4+ Kc3 64. Qd4+ Kc2 65. Re2+ 1-0

[Event "Niederrhein-ch"]
[Site "Solingen"]
[Date "2018.03.29"]
[Round "7.9"]
[White "Meckel, Helmut"]
[Black "Strater, Heinz"]
[Result "1-0"]
[WhiteElo "1772"]
[BlackElo "1835"]
[PlyCount "103"]
[EventDate "2018.03.23"]
[EventType "swiss"]
[EventRounds "7"]
[EventCountry "GER"]
[SourceTitle "EXT 2022"]
[Source "ChessBase"]
[SourceDate "2021.10.06"]
[SourceVersion "1"]
[SourceVersionDate "2021.10.06"]
[SourceQuality "1"]

1. b4 c5 2. bxc5 e5 3. Bb2 Nc6 4. e3 Bxc5 5. Nf3 d6 6. Be2 Nf6 7. d3 Qb6 8. Qc1 0-0 9. Nbd2 Be6 10. 0-0 Rac8 11. Nb3 Bxb3 12. axb3 Nd5 13. Ba3 Nc3 14. Bd1 f5 15. b4 Bxb4 16. Qb2 f4 17. Qb3+ Kh8 18. exf4 Rxf4 19. Bxb4 Nxb4 20. Ng5 d5 21. Qa3 Nxd1 22. Raxd1 Rxc2 23. d4 Rxd4 24. Rxd4 Qxd4 25. Qh3 h6 26. Nf7+ Kg8 27. Qe6 Rc6 28. Nd6+ Kh8 29. Nf7+ Kh7 30. Qf5+ Kg8 31. Nxe5 Rf6 32. Qc8+ Kh7 33. Nd7 b5 34. Nxf6+ Qxf6 35. Qc5 Nc6 36. Qxb5 d4 37. Qd3+ Kh8 38. Rc1 g6 39. Kf1 Nb4 40. Qc4 Qa6 41. Qxa6 Nxa6 42. Ra1 Nc5 43. Rxa7 d3 44. Ra8+ Kg7 45. Rd8 Kf6 46. Rd5 d2 47. Rxd2 Ke5 48. Ke2 g5 49. Rb2 Ne4 50. Kf3 Nd6 51. Kg4 Kf6 52. Rb6 1-0

[Event "Niederrhein-ch"]
[Site "Solingen"]
[Date "2018.03.27"]
[Round "5.10"]
[White "Biessner, Eberhard"]
[Black "Meckel, Helmut"]
[Result "0-1"]
[WhiteElo "1665"]
[BlackElo "1772"]
[PlyCount "58"]
[EventDate "2018.03.23"]
[EventType "swiss"]
[EventRounds "7"]
[EventCountry "GER"]
[SourceTitle "EXT 2022"]
[Source "ChessBase"]
[SourceDate "2021.10.06"]
[SourceVersion "1"]
[SourceVersionDate "2021.10.06"]
[SourceQuality "1"]

1. e4 e6 2. Nc3 d5 3. d4 Nf6 4. e5 Nfd7 5. f4 c5 6. Be3 Nc6 7. Nf3 cxd4 8. Nxd4 Bc5 9. Bb5 Qb6 10. Bxc6 bxc6 11. Na4 Qa5+ 12. c3 Bxd4 13. Bxd4 c5 14. Be3 Ba6 15. Qc2 d4 16. Bd2 Bb5 17. b3 d3 18. Qd1 Bxa4 19. bxa4 c4 20. Qf3 0-0 21. 0-0 Rab8 22. g4 Rb2 23. Rf2 Rfb8 24. h4 Qxa4 25. f5 Nxe5 26. Qe4 f6 27. g5 Rb1+ 28. Rf1 Rxa1 29. Rxa1 Qc2 0-1

[Event "Niederrhein-ch"]
[Site "Solingen"]
[Date "2018.03.26"]
[Round "4.9"]
[White "Meckel, Helmut"]
[Black "Fraenzel, Marius"]
[Result "0-1"]
[WhiteElo "1772"]
[BlackElo "1680"]
[PlyCount "110"]
[EventDate "2018.03.23"]
[EventType "swiss"]
[EventRounds "7"]
[EventCountry "GER"]
[SourceTitle "EXT 2022"]
[Source "ChessBase"]
[SourceDate "2021.10.06"]
[SourceVersion "1"]
[SourceVersionDate "2021.10.06"]
[SourceQuality "1"]

1. c4 e5 2. Nc3 Nf6 3. g3 c6 4. Bg2 Bb4 5. a3 Bxc3 6. dxc3 h6 7. Nf3 d6 8. c5 e4 9. Nd2 d5 10. c4 0-0 11. cxd5 cxd5 12. b4 Bf5 13. h3 Re8 14. 0-0 Qe7 15. Nb3 Nc6 16. g4 Bg6 17. g5 hxg5 18. Bxg5 Rad8 19. Nd4 Qe5 20. Bxf6 Qxf6 21. e3 Re5 22. f4 exf3 23. Qxf3 Qg5 24. Nxc6 bxc6 25. Qf4 Qe7 26. Rfe1 Re8 27. Rac1 Be4 28. Re2 Bxg2 29. Kxg2 Re4 30. Qg3 Re6 31. Qf4 Rf6 32. Qd4 Rg6+ 33. Kf1 Qg5 34. Ke1 Re4 35. Qd3 Qf6 36. Kd2 Rg3 37. b5 Rxh3 38. Rb1 cxb5 39. Qxd5 Rc4 40. Qd3 a6 41. Rb3 Rh5 42. Qd6 Qxd6+ 43. cxd6 Rd5+ 44. Rd3 Rxd3+ 45. Kxd3 Rc6 46. Kd4 Rxd6+ 47. Kc5 Re6 48. e4 Kf8 49. Kb4 Ke7 50. a4 bxa4 51. Kxa4 Re5 52. Kb3 f5 53. Rg2 Kf6 54. exf5 Rxf5 55. Rc2 a5 0-1

[Event "Niederrhein-ch"]
[Site "Solingen"]
[Date "2018.03.24"]
[Round "2.9"]
[White "Meckel, Helmut"]
[Black "Zahn, Fabian"]
[Result "1/2-1/2"]
[WhiteElo "1772"]
[BlackElo "1903"]
[PlyCount "122"]
[EventDate "2018.03.23"]
[EventType "swiss"]
[EventRounds "7"]
[EventCountry "GER"]
[SourceTitle "EXT 2022"]
[Source "ChessBase"]
[SourceDate "2021.10.06"]
[SourceVersion "1"]
[SourceVersionDate "2021.10.06"]
[SourceQuality "1"]

1. b4 d5 2. Nf3 Nf6 3. Bb2 Bf5 4. e3 e6 5. a3 Bd6 6. c4 dxc4 7. Bxc4 Nbd7 8. Nc3 0-0 9. Rc1 Nb6 10. Be2 e5 11. Nb5 Qe7 12. 0-0 Rfd8 13. d3 Bd7 14. Nxd6 cxd6 15. Qd2 Rdc8 16. Rxc8+ Rxc8 17. Rc1 Qd8 18. e4 Bb5 19. Bd1 Qd7 20. Bb3 h6 21. Bxe5 Rxc1+ 22. Qxc1 dxe5 23. Nxe5 Qc8 24. Qxc8+ Nxc8 25. Nxf7 Kf8 26. Ne5 Be8 27. f3 Nd7 28. Nxd7+ Bxd7 29. a4 Ke7 30. Kf2 Be6 31. Bxe6 Kxe6 32. Ke3 Nd6 33. f4 Ne8 34. Kd4 Kd6 35. g4 Ke6 36. e5 Nc7 37. b5 b6 38. Ke4 a6 39. bxa6 Nxa6 40. d4 Nc7 41. f5+ Kd7 42. h4 b5 43. axb5 Nxb5 44. g5 hxg5 45. hxg5 Nc3+ 46. Kf3 Nd5 47. g6 Ke7 48. Kg4 Ne3+ 49. Kg5 Nd5 50. Kh5 Nf4+ 51. Kg4 Nd5 52. Kg5 Kf8 53. f6 Nc7 54. Kf5 Nd5 55. Ke4 Nc3+ 56. Kf5 Nd5 57. fxg7+ Kxg7 58. Ke6 Nf4+ 59. Kd7 Nxg6 60. e6 Kf6 61. d5 Ke5 1/2-1/2

[Event "Niederrhein-ch"]
[Site "Solingen"]
[Date "2018.03.23"]
[Round "1.8"]
[White "Waagener, Ulrich"]
[Black "Meckel, Helmut"]
[Result "1-0"]
[WhiteElo "2026"]
[BlackElo "1772"]
[PlyCount "61"]
[EventDate "2018.03.23"]
[EventType "swiss"]
[EventRounds "7"]
[EventCountry "GER"]
[SourceTitle "EXT 2022"]
[Source "ChessBase"]
[SourceDate "2021.10.06"]
[SourceVersion "1"]
[SourceVersionDate "2021.10.06"]
[SourceQuality "1"]

1. e4 e6 2. d4 d5 3. Nc3 Nf6 4. e5 Nfd7 5. f4 c5 6. dxc5 Bxc5 7. Qg4 0-0 8. Bd3 f5 9. Qh5 Bxg1 10. Rxg1 Nc5 11. Bd2 a6 12. 0-0-0 Nc6 13. g4 Nb4 14. gxf5 Ncxd3+ 15. cxd3 Rxf5 16. Qg4 Qf8 17. Rg3 Bd7 18. Rdg1 g6 19. d4 Rc8 20. Kb1 Rc4 21. Rh3 Qe7 22. Be3 Nd3 23. Qd1 Nxb2 24. Kxb2 Qb4+ 25. Qb3 Qa5 26. a3 Rc6 27. Na4 Rc4 28. Nb6 Rxd4 29. Bxd4 Qd2+ 30. Kb1 Qxd4 31. Qe3 1-0

[Event "Arber op 6th"]
[Site "Bodenmais"]
[Date "2017.07.29"]
[Round "1"]
[White "Schelle, Artur"]
[Black "Meckel, Helmut"]
[Result "1-0"]
[WhiteElo "2190"]
[BlackElo "1812"]
[PlyCount "39"]
[EventDate "2017.07.29"]
[EventType "swiss"]
[EventRounds "9"]
[EventCountry "GER"]
[SourceTitle "CBM 179 Extra"]
[Source "ChessBase"]
[SourceDate "2017.08.23"]
[SourceVersion "1"]
[SourceVersionDate "2017.08.23"]
[SourceQuality "1"]

1. e4 e5 2. Nf3 Nc6 3. d4 exd4 4. Nxd4 Bc5 5. Nxc6 Qf6 6. Qf3 Qxf3 7. gxf3 bxc6 8. Be3 Bxe3 9. fxe3 d6 10. Nc3 Ne7 11. 0-0-0 0-0 12. f4 Bb7 13. Rg1 Kh8 14. Bc4 Rad8 15. Rd2 g6 16. h4 c5 17. h5 Bxe4 18. Nxe4 d5 19. hxg6 fxg6 20. Ng5 1-0

[Event "Solingen Karneval op"]
[Site "Solingen"]
[Date "2017.02.26"]
[Round "5"]
[White "Tremoehlen, Thomas"]
[Black "Meckel, Helmut"]
[Result "1-0"]
[WhiteElo "1937"]
[BlackElo "1782"]
[PlyCount "51"]
[EventDate "2017.02.24"]
[EventType "swiss"]
[EventRounds "5"]
[EventCountry "GER"]
[SourceTitle "EXT 2018"]
[Source "ChessBase"]
[SourceDate "2017.10.13"]
[SourceVersion "1"]
[SourceVersionDate "2017.10.13"]
[SourceQuality "1"]

1. e4 e5 2. Nc3 Nf6 3. f4 d5 4. fxe5 Nxe4 5. Qf3 Nxc3 6. dxc3 Be7 7. Bf4 Bf5 8. 0-0-0 c6 9. Qg3 Bg6 10. h4 Kf8 11. h5 Bf5 12. Nf3 h6 13. Nd4 Bh7 14. Bd3 Bc5 15. e6 Bxd4 16. Bd6+ Kg8 17. e7 Qe8 18. cxd4 Nd7 19. Rhf1 Bxd3 20. Rxd3 Kh7 21. Qf4 f6 22. Qf5+ g6 23. hxg6+ Kg7 24. Rdf3 h5 25. Qe6 Kxg6 26. Rg3+ 1-0

[Event "Solingen Karneval op"]
[Site "Solingen"]
[Date "2017.02.25"]
[Round "3"]
[White "Luebeck, Stephan"]
[Black "Meckel, Helmut"]
[Result "0-1"]
[WhiteElo "1988"]
[BlackElo "1782"]
[PlyCount "72"]
[EventDate "2017.02.24"]
[EventType "swiss"]
[EventRounds "5"]
[EventCountry "GER"]
[SourceTitle "EXT 2018"]
[Source "ChessBase"]
[SourceDate "2017.10.13"]
[SourceVersion "1"]
[SourceVersionDate "2017.10.13"]
[SourceQuality "1"]

1. d4 Nf6 2. Nf3 e6 3. Bg5 c5 4. e3 Nc6 5. c3 cxd4 6. exd4 d5 7. Nbd2 Bd6 8. Bd3 h6 9. Bh4 0-0 10. Qe2 e5 11. dxe5 Nxe5 12. Nxe5 Bxe5 13. 0-0-0 Re8 14. Bb5 Re6 15. Qd3 Qa5 16. Bxf6 Bxf6 17. Nb3 Qb6 18. Nd4 Bxd4 19. cxd4 Rf6 20. Rd2 Bf5 21. Qb3 Rc8+ 22. Kd1 a6 23. Be2 Qxb3+ 24. axb3 Rfc6 25. Ke1 Bc2 26. f3 Bxb3 27. Kf2 Rc2 28. Rhd1 Rxd2 29. Rxd2 Rc2 30. Ke3 Rxd2 31. Kxd2 Bc4 32. Bxc4 dxc4 33. Kc3 b5 34. Kb4 Kf8 35. Ka5 Ke7 36. Kxa6 b4 0-1

[Event "Arber op 5th"]
[Site "Bodenmais"]
[Date "2016.07.30"]
[Round "1"]
[White "Bensch, Patrick"]
[Black "Meckel, Helmut"]
[Result "1-0"]
[WhiteElo "2183"]
[BlackElo "1750"]
[PlyCount "41"]
[EventDate "2016.07.30"]
[EventType "swiss"]
[EventRounds "9"]
[EventCountry "GER"]
[SourceTitle "CBM 173 Extra"]
[Source "ChessBase"]
[SourceDate "2016.08.29"]
[SourceVersion "1"]
[SourceVersionDate "2016.08.29"]
[SourceQuality "1"]

1. e4 e5 2. Nf3 Nc6 3. Bb5 Nf6 4. d3 d6 5. 0-0 Be7 6. c3 0-0 7. Nbd2 a6 8. Ba4 Nd7 9. Re1 Nc5 10. Bc2 f5 11. d4 fxe4 12. Nxe4 Nxe4 13. Bxe4 Kh8 14. dxe5 Nxe5 15. Nxe5 dxe5 16. Qh5 h6 17. Bxh6 Qe8 18. Bxg7+ Kxg7 19. Qh7+ Kf6 20. Qh6+ Kf7 21. Qg6# 1-0

[Event "Solingen-ch"]
[Site "Solingen"]
[Date "2015.10.14"]
[Round "4"]
[White "Peschel, Andreas"]
[Black "Meckel, Helmut"]
[Result "1-0"]
[WhiteElo "2165"]
[BlackElo "1772"]
[PlyCount "65"]
[EventDate "2015.09.04"]
[EventType "swiss"]
[EventRounds "7"]
[EventCountry "GER"]
[SourceTitle "EXT 2018"]
[Source "ChessBase"]
[SourceDate "2017.10.13"]
[SourceVersion "1"]
[SourceVersionDate "2017.10.13"]
[SourceQuality "1"]

1. c4 e5 2. Nc3 f5 3. d4 exd4 4. Qxd4 Nc6 5. Qe3+ Qe7 6. Nd5 Qxe3 7. Bxe3 Nb4 8. Nxc7+ Kd8 9. Nxa8 Nc2+ 10. Kd1 Nxe3+ 11. fxe3 Nf6 12. a4 Ng4 13. Nh3 Nxe3+ 14. Kc1 Bc5 15. a5 b5 16. axb6 axb6 17. Nf4 Nxc4 18. Nd5 Bb7 19. e4 Nxb2 20. Naxb6 fxe4 21. Kxb2 Bd4+ 22. Kb1 Bxa1 23. Kxa1 Re8 24. Bc4 Re6 25. Rf1 Bxd5 26. Nxd5 Kc8 27. Kb2 Kb7 28. Kc3 Re5 29. Kd4 d6 30. Rf7+ Kc8 31. Ba6+ Kd8 32. Bb5 Kc8 33. Bc6 1-0

[Event "Solingen-ch"]
[Site "Solingen"]
[Date "2015.10.02"]
[Round "3"]
[White "Meyer zu Kniendorf, Jochen"]
[Black "Meckel, Helmut"]
[Result "0-1"]
[WhiteElo "1670"]
[BlackElo "1772"]
[PlyCount "74"]
[EventDate "2015.09.04"]
[EventType "swiss"]
[EventRounds "7"]
[EventCountry "GER"]
[SourceTitle "EXT 2018"]
[Source "ChessBase"]
[SourceDate "2017.10.13"]
[SourceVersion "1"]
[SourceVersionDate "2017.10.13"]
[SourceQuality "1"]

1. c4 e5 2. g3 f5 3. Bg2 Nf6 4. Nc3 c6 5. d3 d6 6. e3 Be6 7. b3 Be7 8. Nge2 d5 9. Qc2 Na6 10. a3 Nc5 11. b4 dxc4 12. dxc4 Ncd7 13. Nb1 a5 14. bxa5 Rxa5 15. Nd2 Qa8 16. 0-0 0-0 17. Qc3 Ra4 18. Bb2 Qa5 19. Qc1 Nc5 20. Bxe5 Nd3 21. Bc3 Nxc1 22. Bxa5 Nxe2+ 23. Kh1 Rxa5 24. Rfe1 Nc3 25. f3 Rfa8 26. Nb3 Rxa3 27. Rxa3 Rxa3 28. Nd4 Bxc4 29. Nxf5 Bb4 30. Rc1 Rb3 31. Nd4 Rb1 32. Rxb1 Nxb1 33. h4 Bc5 34. Bh3 Bd5 35. Kg2 Bxd4 36. exd4 Nd2 37. Kf2 Nxf3 0-1

[Event "Niederrhein-ch"]
[Site "Solingen"]
[Date "2015.04.02"]
[Round "6"]
[White "Biessner, Eberhard"]
[Black "Meckel, Helmut"]
[Result "1/2-1/2"]
[WhiteElo "1885"]
[BlackElo "1784"]
[PlyCount "138"]
[EventDate "2015.03.28"]
[EventType "swiss"]
[EventRounds "7"]
[EventCountry "GER"]
[SourceTitle "EXT 2016"]
[Source "ChessBase"]
[SourceDate "2015.10.08"]
[SourceVersion "1"]
[SourceVersionDate "2015.10.08"]
[SourceQuality "1"]

1. e4 e5 2. Nf3 d6 3. Bc4 Nc6 4. h3 Be7 5. Nc3 Be6 6. Nd5 Qd7 7. d4 exd4 8. Nxd4 Ne5 9. Bb3 c6 10. Nxe6 fxe6 11. Nf4 d5 12. Qh5+ Nf7 13. exd5 exd5 14. 0-0 Nf6 15. Qe2 0-0 16. Be3 Rae8 17. c4 d4 18. Rad1 c5 19. Bc1 Bd6 20. Qc2 Qc7 21. Nd3 Ne5 22. Rde1 b6 23. a3 Qf7 24. Ba2 Qg6 25. Bb1 Nf3+ 26. Kh1 Nxe1 27. Nxe1 Ne4 28. Nf3 Rxf3 29. gxf3 Qh5 30. Kg2 Re6 31. Rh1 Rg6+ 32. Kf1 Qxf3 33. Qxe4 Qd1+ 34. Qe1 Qb3 35. Bxg6 Qxc4+ 36. Qe2 Qxc1+ 37. Kg2 Qg5+ 38. Qg4 Qxg6 39. Qxg6 hxg6 40. Kf3 Kf7 41. Ke4 Ke6 42. b3 g5 43. a4 Be7 44. f4 gxf4 45. Kxf4 Kd5 46. Rc1 d3 47. Re1 Bf6 48. Ke3 Bc3 49. Rf1 d2 50. Kd3 Bb4 51. Rg1 a6 52. Kc2 b5 53. Rxg7 c4 54. bxc4+ Kxc4 55. Rg4+ Kc5 56. axb5 axb5 57. Rg8 Bc3 58. Rc8+ Kd4 59. h4 b4 60. Rd8+ Ke5 61. h5 Kf6 62. Rd5 Kg7 63. Rd6 Kh7 64. Kd1 b3 65. Rb6 b2 66. Kc2 Kg7 67. Rg6+ Kh7 68. Rg1 Bb4 69. Rh1 Kh6 1/2-1/2

[Event "Niederrhein-ch"]
[Site "Solingen"]
[Date "2015.03.31"]
[Round "4"]
[White "Mitschke, Ulrich"]
[Black "Meckel, Helmut"]
[Result "1-0"]
[WhiteElo "1758"]
[BlackElo "1784"]
[PlyCount "53"]
[EventDate "2015.03.28"]
[EventType "swiss"]
[EventRounds "7"]
[EventCountry "GER"]
[SourceTitle "EXT 2016"]
[Source "ChessBase"]
[SourceDate "2015.10.08"]
[SourceVersion "1"]
[SourceVersionDate "2015.10.08"]
[SourceQuality "1"]

1. e4 e6 2. d4 d5 3. exd5 exd5 4. Bd3 Nf6 5. Bf4 Be6 6. Nd2 Nbd7 7. Ne2 Be7 8. h3 Nf8 9. Nf3 Ng6 10. Bh2 Qd7 11. Ne5 Nxe5 12. dxe5 Ne4 13. c3 Nc5 14. Bc2 0-0 15. Nd4 Na6 16. f4 c5 17. f5 cxd4 18. fxe6 Qxe6 19. Qxd4 Rfc8 20. 0-0-0 Rc5 21. Kb1 Rac8 22. Rhf1 Nb4 23. Bf5 Qa6 24. cxb4 Rc4 25. Qxd5 Rxb4 26. Bxc8 Qe2 27. Qxf7+ 1-0

[Event "Solingen Karneval op"]
[Site "Solingen"]
[Date "2015.02.15"]
[Round "4"]
[White "Meckel, Helmut"]
[Black "Kagan, Dennis"]
[Result "0-1"]
[WhiteElo "1793"]
[BlackElo "1900"]
[PlyCount "60"]
[EventDate "2015.02.13"]
[EventType "swiss"]
[EventRounds "5"]
[EventCountry "GER"]
[SourceTitle "EXT 2016"]
[Source "ChessBase"]
[SourceDate "2015.10.08"]
[SourceVersion "1"]
[SourceVersionDate "2015.10.08"]
[SourceQuality "1"]

1. b4 d5 2. Bb2 Bf5 3. e3 e6 4. c4 Nf6 5. b5 dxc4 6. Bxc4 Bd3 7. Qb3 Bxc4 8. Qxc4 Be7 9. Nc3 c5 10. Nf3 Nbd7 11. a4 Qa5 12. 0-0 0-0 13. Rfc1 Nb6 14. Qe2 c4 15. Ne5 Rfd8 16. Nb1 Nxa4 17. Nc3 Nxc3 18. Qxc4 Ne2+ 19. Qxe2 Rxd2 20. Rxa5 Rxe2 21. Bd4 a6 22. Kf1 Rd2 23. Rc7 Bd8 24. b6 Bxc7 25. bxc7 Rc2 26. Bb6 Nd5 27. Nd7 Nxc7 28. Nc5 Nd5 29. Na4 Nxb6 30. Nxb6 Rd8 0-1

[Event "Solingen-ch"]
[Site "Solingen"]
[Date "2014.11.21"]
[Round "6"]
[White "Meckel, Helmut"]
[Black "Vranidis, Athanassios"]
[Result "0-1"]
[WhiteElo "1832"]
[BlackElo "1890"]
[PlyCount "80"]
[EventDate "2014.09.12"]
[EventType "swiss"]
[EventRounds "7"]
[EventCountry "GER"]
[SourceTitle "EXT 2016"]
[Source "ChessBase"]
[SourceDate "2015.10.08"]
[SourceVersion "1"]
[SourceVersionDate "2015.10.08"]
[SourceQuality "1"]

1. d4 Nf6 2. c4 e6 3. Nc3 d5 4. f3 Nc6 5. Bg5 Be7 6. e3 0-0 7. Bd3 h6 8. Bh4 dxc4 9. Bxc4 e5 10. Bb5 exd4 11. Bxc6 dxc3 12. bxc3 Qxd1+ 13. Rxd1 bxc6 14. Ne2 Be6 15. Nd4 Nd5 16. Bxe7 Nxe7 17. Nxe6 fxe6 18. Rd7 Nd5 19. Kf2 Rfd8 20. Rxd8+ Rxd8 21. Rd1 Rd7 22. Rd4 Nb6 23. Re4 Kf7 24. Rf4+ Ke7 25. Rg4 Kd6 26. Rd4+ Kc5 27. Rg4 Nd5 28. Rg6 Re7 29. g4 Nxc3 30. f4 Ne4+ 31. Kf3 Kd5 32. h4 c5 33. f5 exf5 34. gxf5 c4 35. Rg1 c3 36. Rd1+ Ke5 37. Rd4 Kxf5 38. Ke2 Re5 39. Kd3 g5 40. hxg5 hxg5 0-1

[Event "Karl Mala Memorial op-A 17th"]
[Site "Frankfurt"]
[Date "2014.08.01"]
[Round "2"]
[White "Meckel, Helmut"]
[Black "Schubert, Wolfgang"]
[Result "0-1"]
[WhiteElo "1850"]
[BlackElo "1788"]
[PlyCount "66"]
[EventDate "2014.07.31"]
[EventType "swiss"]
[EventRounds "7"]
[EventCountry "GER"]
[SourceTitle "EXT 2015"]
[Source "ChessBase"]
[SourceDate "2014.11.20"]
[SourceVersion "1"]
[SourceVersionDate "2014.11.20"]
[SourceQuality "1"]

1. b4 d5 2. Bb2 e6 3. b5 Nf6 4. e3 Be7 5. c4 0-0 6. f4 c5 7. Nf3 b6 8. Be2 Bb7 9. 0-0 Nbd7 10. a4 Qc7 11. Nc3 Rfd8 12. cxd5 Nxd5 13. Nxd5 Bxd5 14. d3 Bf6 15. Qc1 Rac8 16. e4 Bxb2 17. Qxb2 Bb7 18. Ng5 h6 19. Nh3 c4 20. Rac1 Qb8 21. f5 exf5 22. Rxf5 cxd3 23. Bxd3 Rxc1+ 24. Qxc1 Qd6 25. Nf2 Ne5 26. Bb1 Bc8 27. Rh5 Be6 28. h3 Qd4 29. Qc7 Rc8 30. Qxe5 Rc1+ 31. Kh2 Qxf2 32. Qb8+ Kh7 33. Qxa7 Qf4+ 0-1

[Event "Karl Mala Memorial op-A 17th"]
[Site "Frankfurt"]
[Date "2014.07.31"]
[Round "1"]
[White "Uwira, Oliver"]
[Black "Meckel, Helmut"]
[Result "1-0"]
[WhiteElo "2233"]
[BlackElo "1850"]
[PlyCount "83"]
[EventDate "2014.07.31"]
[EventType "swiss"]
[EventRounds "7"]
[EventCountry "GER"]
[SourceTitle "EXT 2015"]
[Source "ChessBase"]
[SourceDate "2014.11.20"]
[SourceVersion "1"]
[SourceVersionDate "2014.11.20"]
[SourceQuality "1"]

1. e4 e5 2. Nf3 Nc6 3. Bb5 Nf6 4. 0-0 Be7 5. Nc3 d6 6. d4 exd4 7. Nxd4 Bd7 8. Bxc6 bxc6 9. Qf3 Qc8 10. e5 dxe5 11. Nxc6 Bd6 12. Bg5 0-0 13. Bxf6 gxf6 14. Rad1 Bxc6 15. Qxc6 Qe6 16. Ne4 Rad8 17. c4 f5 18. Nxd6 Rd7 19. b3 Rfd8 20. Rd5 Rxd6 21. Qxc7 Rxd5 22. cxd5 Qxd5 23. Qxa7 f4 24. Qe7 Rd6 25. Re1 Re6 26. Qb4 Rg6 27. Qb8+ Kg7 28. Qxe5+ Qxe5 29. Rxe5 f3 30. Re3 Rxg2+ 31. Kf1 Rxh2 32. Rxf3 Rh1+ 33. Kg2 Rb1 34. a4 Kf8 35. Rc3 Ke7 36. Rc7+ Ke6 37. Rb7 h5 38. a5 Kd6 39. a6 Kc6 40. b4 Ra1 41. b5+ Kc5 42. a7 1-0

[Event "Solingen-ch"]
[Site "Solingen"]
[Date "2013.10.11"]
[Round "3"]
[White "Meckel, Helmut"]
[Black "Kissing, Bastian"]
[Result "1-0"]
[WhiteElo "1831"]
[BlackElo "1577"]
[PlyCount "131"]
[EventDate "2013.09.13"]
[EventType "swiss"]
[EventRounds "7"]
[EventCountry "GER"]
[SourceTitle "EXT 2015"]
[Source "ChessBase"]
[SourceDate "2014.11.20"]
[SourceVersion "1"]
[SourceVersionDate "2014.11.20"]
[SourceQuality "1"]

1. b4 e6 2. Bb2 Nf6 3. b5 b6 4. e3 Bb7 5. Nf3 d5 6. c4 Nbd7 7. Nc3 Bd6 8. a4 0-0 9. cxd5 Nxd5 10. Bc4 Qf6 11. Rb1 Nxc3 12. Bxc3 Bxf3 13. Qxf3 Qxf3 14. gxf3 Ne5 15. Be2 Rfd8 16. f4 Ng6 17. h4 Be7 18. h5 Nh4 19. Be5 Rd7 20. e4 f6 21. Bg4 Kf7 22. f5 exf5 23. Rxh4 fxg4 24. Bf4 f5 25. Rh1 Rd4 26. d3 fxe4 27. Be3 Rxd3 28. Rg1 Bc5 29. Bxc5 bxc5 30. Rxg4 Re8 31. Rc1 Re5 32. h6 gxh6 33. Rf4+ Ke7 34. Rg4 Kd7 35. Rg7+ Kc8 36. Rxh7 h5 37. Ke2 Rg5 38. Rh1 Rdd5 39. Rh4 Rge5 40. Ke3 c4 41. Rxe4 Rd3+ 42. Kf4 Rxe4+ 43. Kxe4 Rd2 44. Ke3 Rd5 45. Rh6 c5 46. Ke4 Rg5 47. Rc6+ Kb7 48. f4 Rg3 49. Rxc5 h4 50. Rxc4 h3 51. Rc1 Ra3 52. f5 Rxa4+ 53. Ke5 Ra5 54. f6 Rxb5+ 55. Ke6 Rb2 56. Re1 h2 57. f7 h1Q 58. Rxh1 Re2+ 59. Kd7 Rd2+ 60. Ke8 Re2+ 61. Kf8 a5 62. Rh5 a4 63. Kg7 Re7 64. Kg8 Rxf7 65. Kxf7 Kb6 66. Ke6 1-0